[Event "BdF-Diamant 09 email"]
[Site "GER email"]
[Date "2018.06.19"]
[Round "?"]
[White "Hitzegrad, Juergen"]
[Black "Zordick, Milon"]
[Result "1/2-1/2"]
[WhiteElo "2306"]
[BlackElo "2314"]
[PlyCount "59"]
[EventDate "2018.??.??"]
[EventType "tourn (corr)"]
[EventRounds "10"]
[EventCountry "GER"]
[SourceTitle "Corr 2020"]
[Source "ChessBase"]
[SourceDate "2019.09.30"]
[SourceVersion "1"]
[SourceVersionDate "2019.09.30"]
[SourceQuality "1"]

1. d4 d5 2. c4 e6 3. Nc3 Nf6 4. cxd5 exd5 5. Bg5 Be7 6. e3 c6 7. Bd3 0-0 8. Qc2 Nbd7 9. Nge2 Re8 10. 0-0 b5 11. a3 h6 12. Bh4 a5 13. Nb1 Bb7 14. Nd2 a4 15. Nc3 Nb6 16. Bg3 Nc4 17. Rac1 Bd6 18. Bxc4 Bxg3 19. hxg3 dxc4 20. Nde4 Nxe4 21. Nxe4 Bc8 22. Nc5 Ra7 23. Qc3 f5 24. f3 Qg5 25. Kf2 Rae7 26. Rce1 h5 27. Rh1 Bd7 28. Rh3 Be6 29. Rh4 Bd5 30. Qc1 1/2-1/2

[Event "BdF-Diamant 09 email"]
[Site "GER email"]
[Date "2018.06.19"]
[Round "?"]
[White "Zordick, Milon"]
[Black "Kostanjsek, Zorko"]
[Result "0-1"]
[WhiteElo "2314"]
[BlackElo "2312"]
[PlyCount "58"]
[EventDate "2018.??.??"]
[EventType "tourn (corr)"]
[EventRounds "10"]
[EventCountry "GER"]
[SourceTitle "Corr 2020"]
[Source "ChessBase"]
[SourceDate "2019.09.30"]
[SourceVersion "1"]
[SourceVersionDate "2019.09.30"]
[SourceQuality "1"]

1. d4 Nf6 2. c4 g6 3. Nc3 Bg7 4. e4 d6 5. h3 0-0 6. Nf3 e5 7. d5 Nh5 8. g3 f5 9. exf5 gxf5 10. Ng5 Qe8 11. Be2 Nf6 12. Be3 Na6 13. Rg1 Qg6 14. f4 b6 15. Qd2 Nc5 16. 0-0-0 Bd7 17. fxe5 dxe5 18. g4 f4 19. Bxc5 bxc5 20. Ne6 Bxe6 21. dxe6 Rae8 22. g5 Ne4 23. Nxe4 Qxe4 24. Bd3 Qc6 25. Qc2 Kh8 26. Be4 Qxe6 27. Rg4 h6 28. gxh6 Qxh6 29. Rg6 Qh4 0-1

[Event "BdF-Diamant 09 email"]
[Site "GER email"]
[Date "2018.06.19"]
[Round "?"]
[White "Zordick, Milon"]
[Black "Wichert, Gerd"]
[Result "0-1"]
[WhiteElo "2314"]
[BlackElo "2302"]
[PlyCount "62"]
[EventDate "2018.??.??"]
[EventType "tourn (corr)"]
[EventRounds "10"]
[EventCountry "GER"]
[SourceTitle "Corr 2020"]
[Source "ChessBase"]
[SourceDate "2019.09.30"]
[SourceVersion "1"]
[SourceVersionDate "2019.09.30"]
[SourceQuality "1"]

1. d4 Nf6 2. c4 g6 3. Nc3 d5 4. Bg5 Ne4 5. Bh4 Nxc3 6. bxc3 dxc4 7. e3 Be6 8. Nf3 Bg7 9. Qb1 Qd5 10. Be2 Bf5 11. Qb2 Nd7 12. 0-0 Bd3 13. Bxd3 cxd3 14. c4 Qe4 15. Qb3 0-0 16. Rad1 Rfd8 17. Qxd3 Qxd3 18. Rxd3 Re8 19. g4 c5 20. Rc1 cxd4 21. exd4 e5 22. dxe5 Nxe5 23. Nxe5 Rxe5 24. Kg2 b6 25. Rd7 Bf8 26. Rc3 Re4 27. Kg3 h6 28. Bf6 a5 29. Kf3 Re6 30. Bd8 Bc5 31. Rcd3 Kf8 0-1

[Event "GER-ch50 V07 email"]
[Site "GER email"]
[Date "2018.05.15"]
[Round "?"]
[White "Zordick, Milon"]
[Black "Hoeppenstein, Michael"]
[Result "1/2-1/2"]
[WhiteElo "2314"]
[BlackElo "2370"]
[PlyCount "51"]
[EventDate "2018.??.??"]
[EventType "tourn (corr)"]
[EventRounds "10"]
[EventCountry "GER"]
[SourceTitle "Corr 2020"]
[Source "ChessBase"]
[SourceDate "2019.09.30"]
[SourceVersion "1"]
[SourceVersionDate "2019.09.30"]
[SourceQuality "1"]

1. e4 e5 2. Nf3 Nc6 3. Bb5 a6 4. Ba4 Nf6 5. 0-0 Be7 6. Re1 b5 7. Bb3 0-0 8. a4 b4 9. a5 d6 10. d3 Be6 11. Bxe6 fxe6 12. c3 Rb8 13. Nbd2 Rb5 14. d4 bxc3 15. bxc3 exd4 16. Nxd4 Nxd4 17. cxd4 d5 18. exd5 exd5 19. Rxe7 Qxe7 20. Ba3 c5 21. Bxc5 Rxc5 22. dxc5 Qxc5 23. Nb3 Qc4 24. Rc1 Qb4 25. h3 Kh8 26. Rb1 1/2-1/2

[Event "GER rap16 FSM/V02 email"]
[Site "GER email"]
[Date "2018.01.15"]
[Round "?"]
[White "Wilshusen, Horst"]
[Black "Zordick, Milon"]
[Result "0-1"]
[WhiteElo "1505"]
[BlackElo "1979"]
[PlyCount "60"]
[EventDate "2018.01.20"]
[EventType "tourn (corr)"]
[EventRounds "4"]
[EventCountry "GER"]
[SourceTitle "Corr 2020"]
[Source "ChessBase"]
[SourceDate "2019.09.30"]
[SourceVersion "1"]
[SourceVersionDate "2019.09.30"]
[SourceQuality "1"]

1. d4 d5 2. e4 dxe4 3. Nc3 Nf6 4. f3 exf3 5. Nxf3 c6 6. Bd3 g6 7. Bg5 Bg7 8. Qd2 Bg4 9. 0-0 Bxf3 10. Rxf3 Qxd4+ 11. Be3 Qd8 12. Raf1 h5 13. Bg5 Nbd7 14. Qe2 0-0 15. Kh1 b5 16. a3 Nc5 17. h3 a5 18. Bxf6 exf6 19. Qf2 Qe7 20. Re1 Nxd3 21. Rxd3 Qc7 22. Red1 f5 23. Rd7 Qe5 24. Re1 Qf6 25. Qc5 Rad8 26. Red1 Rxd7 27. Rxd7 Re8 28. Rd1 Qh4 29. Qg1 b4 30. axb4 Qxb4 0-1